[Event "Bangkok Olympiad 45th Qual (Women)"]
[Site "Bangkok"]
[Date "2024.05.04"]
[Round "5"]
[White "Chiadthaisong, Kanuengnit"]
[Black "Mekarapiruk, Nathasha"]
[Result "0-1"]
[WhiteElo "1508"]
[BlackElo "1705"]
[PlyCount "56"]
[EventDate "2024.05.02"]
[EventType "tourn"]
[EventRounds "9"]
[EventCountry "THA"]
[SourceTitle "CB20_2024"]
[SourceDate "2024.05.16"]
[SourceVersion "1"]
[SourceVersionDate "2024.05.16"]
[SourceQuality "1"]

1. Nf3 Nf6 2. g3 d5 3. Bg2 c6 4. d4 Bf5 5. 0-0 h6 6. c4 e6 7. Nc3 Be7 8. Qb3 Qb6 9. c5 Qa6 10. Re1 0-0 11. Ne5 Nbd7 12. e4 dxe4 13. Nxd7 Nxd7 14. Nxe4 Nf6 15. Bf4 Bxe4 16. Bxe4 Nxe4 17. Rxe4 Rad8 18. Qe3 Kh7 19. h4 Rd5 20. Kg2 Rfd8 21. Be5 Bf6 22. Bxf6 gxf6 23. Qf4 f5 24. h5 Qd3 25. Rae1 Rxd4 26. R1e3 Rxe4 27. Rxe4 Qxe4+ 28. Qxe4 fxe4 0-1

[Event "THA-ch (Women)"]
[Site "Bangkok"]
[Date "2024.04.20"]
[Round "7"]
[White "Rangkaew, Katunchalee"]
[Black "Mekarapiruk, Nathasha"]
[Result "1-0"]
[WhiteElo "1608"]
[BlackElo "1662"]
[PlyCount "149"]
[EventDate "2024.04.17"]
[EventType "swiss"]
[EventRounds "9"]
[EventCountry "THA"]
[SourceTitle "CB21_2024"]
[SourceDate "2024.05.22"]
[SourceVersion "1"]
[SourceVersionDate "2024.05.22"]
[SourceQuality "1"]

1. d4 d5 2. c4 e6 3. Nf3 Nf6 4. Nc3 Be7 5. g3 0-0 6. Bg2 dxc4 7. Ne5 Nc6 8. Nxc6 bxc6 9. Bxc6 Rb8 10. 0-0 Bb7 11. Bxb7 Rxb7 12. e3 c5 13. Qf3 Rb8 14. Rd1 cxd4 15. exd4 Bb4 16. Bg5 h6 17. Bxf6 Qxf6 18. Qxf6 gxf6 19. Ne4 Be7 20. Rab1 Rfd8 21. Nc3 f5 22. d5 e5 23. a3 Rd6 24. h4 h5 25. Rd2 Rg6 26. Kh2 Kh7 27. Rbd1 Bd6 28. Rc2 e4 29. Ne2 Rg4 30. Nd4 f4 31. Nf5 fxg3+ 32. fxg3 Rb6 33. Nxd6 Rxd6 34. Rxc4 e3 35. Rc2 Re4 36. Re2 Re5 37. b4 Kg6 38. Kg2 a5 39. bxa5 Rexd5 40. Rxd5 Rxd5 41. Rxe3 Rxa5 42. Kf2 f5 43. Kf3 Ra4 44. Ke2 f4 45. gxf4 Rxf4 46. Rg3+ Kh6 47. Rh3 Ra4 48. Kd2 Kg6 49. Kc2 Kf5 50. Kb3 Ra8 51. Rg3 Rb8+ 52. Ka2 Kf4 53. Rg5 Rh8 54. a4 Rh6 55. a5 Ke4 56. Kb3 Kd4 57. Kb4 Rh8 58. a6 Rb8+ 59. Ka5 Rb1 60. Rxh5 Ra1+ 61. Kb6 Rb1+ 62. Rb5 Rg1 63. h5 Rf1 64. a7 Rf6+ 65. Kb7 Rf7+ 66. Ka6 Rf6+ 67. Ka5 Rf8 68. Rb8 Rf5+ 69. Kb4 Rxh5 70. a8Q Ke3 71. Re8+ Kf4 72. Qe4+ Kg3 73. Rg8+ Kf2 74. Rg2+ Kf1 75. Qe2# 1-0

[Event "THA-ch (Women)"]
[Site "Bangkok"]
[Date "2024.04.17"]
[Round "1"]
[White "Rojjanaburanon, Jomkwan"]
[Black "Mekarapiruk, Nathasha"]
[Result "0-1"]
[WhiteElo "1433"]
[BlackElo "1662"]
[PlyCount "76"]
[EventDate "2024.04.17"]
[EventType "swiss"]
[EventRounds "9"]
[EventCountry "THA"]
[SourceTitle "CB21_2024"]
[SourceDate "2024.05.22"]
[SourceVersion "1"]
[SourceVersionDate "2024.05.22"]
[SourceQuality "1"]

1. e4 e5 2. Nf3 Nc6 3. Bb5 Nf6 4. 0-0 Nxe4 5. Re1 Nd6 6. Nxe5 Be7 7. Bf1 Nxe5 8. Rxe5 0-0 9. b3 Bf6 10. Bb2 Bxe5 11. Bxe5 Nf5 12. Bf4 d6 13. c3 Re8 14. h3 Qe7 15. d4 Qe1 16. Nd2 Qxd1 17. Rxd1 Bd7 18. Nf3 Re4 19. Bh2 Rae8 20. Bd3 R4e7 21. g4 Nh6 22. c4 f5 23. g5 Nf7 24. h4 Bc6 25. d5 Bd7 26. c5 f4 27. g6 hxg6 28. Bxg6 Bg4 29. Rd3 Bxf3 30. Bxf7+ Rxf7 31. Rxf3 dxc5 32. Rxf4 Rxf4 33. Bxf4 Rd8 34. Bxc7 Rxd5 35. Bf4 Rd1+ 36. Kg2 Ra1 37. a4 Rb1 38. Be3 b6 0-1

[Event "Bangkok Big Rook op"]
[Site "Bangkok"]
[Date "2023.05.05"]
[Round "2"]
[White "Mekarapiruk, Nathasha"]
[Black "Charoenkwan, Pat"]
[Result "1/2-1/2"]
[WhiteElo "1386"]
[BlackElo "1660"]
[PlyCount "143"]
[EventDate "2023.05.04"]
[EventType "swiss"]
[EventRounds "7"]
[EventCountry "THA"]
[SourceTitle "CBM 214 Extra"]
[Source "ChessBase"]
[SourceDate "2023.07.31"]
[SourceVersion "1"]
[SourceVersionDate "2023.07.31"]
[SourceQuality "1"]

1. e4 e6 2. d4 d5 3. Nd2 c5 4. exd5 exd5 5. Ngf3 Nf6 6. Bb5+ Bd7 7. Qe2+ Qe7 8. Ne5 Nc6 9. Nxd7 Qxe2+ 10. Bxe2 Nxd7 11. dxc5 Bxc5 12. 0-0 0-0 13. Nb3 Bb6 14. Rd1 Rfe8 15. Kf1 Nf6 16. Bf4 Rac8 17. c3 h6 18. f3 Rcd8 19. Rd2 d4 20. cxd4 Nxd4 21. Nxd4 Rxd4 22. Rxd4 Bxd4 23. Bb5 Rc8 24. Rc1 Rxc1+ 25. Bxc1 Kf8 26. Ke2 Ke7 27. Kd3 Bc5 28. Bf4 Nd5 29. Bb8 Bb6 30. Ke4 Ne3 31. g4 Nd1 32. Kf5 Nxb2 33. Be5 g6+ 34. Kf4 Nd1 35. Be2 Ne3 36. Bg7 Nd5+ 37. Ke4 Nf6+ 38. Bxf6+ Kxf6 39. Bc4 Bc7 40. h3 Ke7 41. Bd5 b6 42. Bc4 f6 43. Bb5 Ke6 44. Bc4+ Kd6 45. Bf7 g5 46. Bc4 Kc5 47. Bb3 b5 48. Kf5 Be5 49. Ke4 a5 50. Kd3 Kb4 51. Bd5 Kc5 52. Bb3 Bb2 53. Bf7 a4 54. Be8 Kb4 55. Bf7 Ka5 56. Be8 b4 57. Kc4 Bc1 58. Bf7 Bd2 59. Kd3 Be1 60. Ke2 Bg3 61. Kd3 Kb6 62. Be6 Kc5 63. Bf7 Be1 64. Bg8 Kd6 65. Ke4 Ke7 66. Bc4 b3 67. axb3 a3 68. b4 Bxb4 69. Kd5 Kf7 70. Ke4+ Kg6 71. Ba2 h5 72. Bb3 1/2-1/2

[Event "THA-chT Rapid"]
[Site "Bangkok"]
[Date "2021.12.14"]
[Round "6.1"]
[White "Mekarapiruk, Nathasha"]
[Black "Nunbhakdi, Tawin Matthew"]
[Result "0-1"]
[WhiteElo "1259"]
[BlackElo "1923"]
[PlyCount "176"]
[EventDate "2021.12.13"]
[EventType "team-swiss (rapid)"]
[EventRounds "9"]
[EventCountry "THA"]
[SourceTitle "CBM 205 Extra"]
[Source "ChessBase"]
[SourceDate "2022.01.31"]
[SourceVersion "1"]
[SourceVersionDate "2022.01.31"]
[SourceQuality "1"]
[WhiteTeam "Red Knight U12"]
[BlackTeam "JCA"]
[WhiteTeamCountry "THA"]
[BlackTeamCountry "THA"]

1. e4 e6 2. d4 d5 3. Nd2 Nc6 4. c3 e5 5. dxe5 dxe4 6. Bb5 Bd7 7. Nxe4 Nxe5 8. Bxd7+ Qxd7 9. Qxd7+ Kxd7 10. Ne2 f5 11. N4g3 Nd3+ 12. Kd2 Nxf2 13. Rf1 Ne4+ 14. Nxe4 fxe4 15. Ng3 Nf6 16. Kc2 Bd6 17. Bf4 Rae8 18. Rad1 Kc6 19. Nf5 Bxf4 20. Rxf4 Nd5 21. Rf2 Rhf8 22. Nd4+ Kb6 23. Rxf8 Rxf8 24. Re1 Rf2+ 25. Re2 Rxe2+ 26. Nxe2 Ne3+ 27. Kd2 Nxg2 28. Ng3 Nh4 29. h3 Kc5 30. Nxe4+ Kd5 31. Ke3 Ng2+ 32. Kf3 Ne1+ 33. Ke3 h6 34. Ng3 Ke5 35. b3 b6 36. a3 c5 37. a4 a6 38. Ne4 Ng2+ 39. Kf3 Nh4+ 40. Ke3 Nf5+ 41. Kf3 a5 42. Nd2 Nd6 43. Ke3 g5 44. Nf3+ Kf5 45. Nh2 h5 46. Kf3 Ne4 47. Ke3 Nxc3 48. Kd3 Nd5 49. Kc4 Nc7 50. Kd3 Kf4 51. Nf1 g4 52. hxg4 hxg4 53. Ke2 Nd5 54. Kf2 Nc3 55. Kg2 Ne4 56. Kg1 g3 57. Kg2 Nd6 58. Nxg3 Ke3 59. Nf1+ Kd3 60. Kf3 Kc3 61. Ne3 Kxb3 62. Nd5 Nc4 63. Ke4 Kxa4 64. Kd3 Kb3 65. Nc3 Nd6 66. Nd5 b5 67. Nc3 a4 68. Nb1 c4+ 69. Kd4 b4 70. Nd2+ Kc2 71. Nf3 a3 72. Kc5 Nf5 73. Kxb4 a2 74. Ne1+ Kd1 75. Nf3 a1Q 76. Kxc4 Ke2 77. Nh2 Qh1 78. Ng4 Qe4+ 79. Kc5 Qd4+ 80. Kc6 Qxg4 81. Kc5 Qd4+ 82. Kc6 Qd6+ 83. Kb5 Qd5+ 84. Kb4 Qc6 85. Ka3 Qb5 86. Ka2 Kd2 87. Ka3 Kc2 88. Ka2 Qa4# 0-1

[Event "Eastern Asia-ch U12 Girls"]
[Site "Tornelo INT"]
[Date "2021.10.22"]
[Round "3"]
[White "Mekarapiruk, Nathasha"]
[Black "Naavya, Rathi"]
[Result "1-0"]
[WhiteElo "1259"]
[BlackElo "1043"]
[PlyCount "97"]
[EventDate "2021.10.22"]
[EventType "swiss"]
[EventRounds "9"]
[EventCountry "NET"]
[SourceTitle "EXT 2023"]
[Source "ChessBase"]
[SourceDate "2022.10.05"]
[SourceVersion "1"]
[SourceVersionDate "2022.10.05"]
[SourceQuality "1"]

1. e4 e5 2. Nf3 Nc6 3. d4 exd4 4. Nxd4 Nf6 5. Nxc6 bxc6 6. e5 Nd5 7. c4 Nb6 8. b3 Bb4+ 9. Bd2 Bxd2+ 10. Nxd2 0-0 11. Be2 Qe7 12. Nf3 Qb4+ 13. Qd2 Qxd2+ 14. Kxd2 Bb7 15. Rad1 Rad8 16. Kc3 d6 17. Rhe1 Rfe8 18. Bd3 Re7 19. Bf5 d5 20. Nd4 Rde8 21. f4 dxc4 22. bxc4 Rd8 23. Nxc6 Rxd1 24. Nxe7+ Kf8 25. Rxd1 Kxe7 26. c5 Nd5+ 27. Kd4 Nxf4 28. g3 Nd5 29. Be4 Ke6 30. Rd2 c6 31. Rb2 Ba8 32. Rb8 Nc7 33. Rc8 Kd7 34. Bf5+ Ke7 35. Rxc7+ Kd8 36. Rc8+ Ke7 37. Rxa8 g6 38. Rxa7+ Kf8 39. Bd7 Kg7 40. Bxc6 h6 41. Bd5 h5 42. Rxf7+ Kh6 43. e6 h4 44. gxh4 Kh5 45. e7 Kxh4 46. e8Q Kh3 47. Rh7+ Kg4 48. Qxg6+ Kf4 49. Rf7# 1-0

[Event "Hong Kong Jolimark op"]
[Site "Hong Kong"]
[Date "2018.12.27"]
[Round "9"]
[White "Mekarapiruk, Nathasha"]
[Black "Vogelsanger, Nicolas"]
[Result "1/2-1/2"]
[WhiteElo "1179"]
[BlackElo "1240"]
[PlyCount "137"]
[EventDate "2018.12.22"]
[EventType "swiss"]
[EventRounds "9"]
[EventCountry "HKG"]
[SourceTitle "CBM 188 Extra"]
[Source "ChessBase"]
[SourceDate "2019.02.26"]
[SourceVersion "1"]
[SourceVersionDate "2019.02.26"]
[SourceQuality "1"]

1. e4 e5 2. Nf3 Nc6 3. d4 exd4 4. Nxd4 Nf6 5. Nc3 Bb4 6. Qd3 0-0 7. Bd2 Re8 8. f3 d5 9. 0-0-0 dxe4 10. Nxe4 Nxe4 11. fxe4 Ne5 12. Qb5 Bxd2+ 13. Rxd2 Bd7 14. Qe2 a5 15. Qf2 c6 16. Qg3 g6 17. Nf5 Bxf5 18. Rxd8 Raxd8 19. exf5 Ng4 20. Bd3 Ne5 21. Rd1 b5 22. fxg6 hxg6 23. Bf1 Rxd1+ 24. Kxd1 b4 25. c3 c5 26. cxb4 cxb4 27. Kd2 Nc6 28. Bb5 Rd8+ 29. Qd3 Rxd3+ 30. Kxd3 Ne5+ 31. Kd4 f6 32. Kc5 Kf7 33. Be2 b3 34. a3 Ke6 35. Kb5 Kd5 36. Kxa5 Nc6+ 37. Ka4 Kc5 38. Bd1 Nd4 39. Bxb3 g5 40. Bd1 f5 41. h3 f4 42. b4+ Kb6 43. Bg4 Ka6 44. Bd7 Kb6 45. b5 f3 46. gxf3 Nxf3 47. Kb4 Ne5 48. Bc6 Nxc6+ 49. bxc6 Kxc6 50. a4 Kb6 51. a5+ Ka6 52. Kc5 Kxa5 53. Kd5 Kb6 54. Kd6 Kb7 55. Kd7 Kb8 56. Ke8 Kc7 57. Kf7 Kd7 58. Kg6 Ke7 59. Kg7 Ke8 60. Kg8 Ke7 61. Kg7 Ke8 62. Kg6 Kf8 63. Kxg5 Kg7 64. Kh5 Kh7 65. Kg5 Kg7 66. Kf5 Kf7 67. Ke5 Kg6 68. Kf4 Kh5 69. Kg3 1/2-1/2

[Event "Hong Kong Jolimark op"]
[Site "Hong Kong"]
[Date "2018.12.24"]
[Round "4"]
[White "Ozbek, Gorkem"]
[Black "Mekarapiruk, Nathasha"]
[Result "1-0"]
[WhiteElo "1670"]
[BlackElo "1179"]
[PlyCount "73"]
[EventDate "2018.12.22"]
[EventType "swiss"]
[EventRounds "9"]
[EventCountry "HKG"]
[SourceTitle "CBM 188 Extra"]
[Source "ChessBase"]
[SourceDate "2019.02.26"]
[SourceVersion "1"]
[SourceVersionDate "2019.02.26"]
[SourceQuality "1"]

1. d4 d5 2. c4 e6 3. Nf3 Nf6 4. g3 Be7 5. Bg2 0-0 6. 0-0 Nbd7 7. Qc2 b6 8. Nbd2 Bb7 9. b3 c5 10. Bb2 h6 11. Rfd1 Qc7 12. dxc5 bxc5 13. cxd5 exd5 14. e3 Rac8 15. Rac1 Rfd8 16. Ne1 Nb6 17. Nd3 Ba6 18. Bh3 Nfd7 19. Nf3 c4 20. Nde5 Bf6 21. Nxd7 Nxd7 22. Bxf6 gxf6 23. Nd4 Rb8 24. Qf5 Ne5 25. Qxf6 Qd6 26. Qxd6 Rxd6 27. Nf5 Rf6 28. Ne7+ Kh7 29. Nxd5 Rc6 30. Bg2 Rcc8 31. bxc4 Bxc4 32. a3 Kg7 33. Ne7 Re8 34. Nf5+ Kg6 35. Nd6 Bb3 36. Be4+ Kh5 37. Rd4 1-0

[Event "Laos op"]
[Site "Vientiane"]
[Date "2018.01.05"]
[Round "4"]
[White "Mekarapiruk, Nathasha"]
[Black "Tran, Nhat Phuong"]
[Result "0-1"]
[WhiteElo "1176"]
[BlackElo "1521"]
[PlyCount "66"]
[EventDate "2018.01.03"]
[EventType "swiss"]
[EventRounds "9"]
[EventCountry "LAO"]
[SourceTitle "CBM 182 Extra"]
[Source "ChessBase"]
[SourceDate "2018.02.23"]
[SourceVersion "1"]
[SourceVersionDate "2018.02.23"]
[SourceQuality "1"]

1. e4 e6 2. d4 d5 3. exd5 exd5 4. Nf3 Nf6 5. Be2 Bd6 6. Bg5 h6 7. Bh4 Bf5 8. 0-0 0-0 9. Nc3 c6 10. Re1 Nbd7 11. Qd2 Qc7 12. h3 Rfe8 13. Bd3 Bf4 14. Rxe8+ Rxe8 15. Qd1 Bxd3 16. Qxd3 g5 17. Bg3 Bxg3 18. fxg3 Qxg3 19. Qf5 Re6 20. Kf1 Ne4 21. Nxe4 dxe4 22. Ne1 Rf6 23. Qxf6 Nxf6 24. Rd1 Nd5 25. Kg1 Nf4 26. Kf1 e3 27. Kg1 Nxh3+ 28. Kh1 Nf2+ 29. Kg1 Nxd1 30. Nd3 e2 31. Kh1 Nf2+ 32. Kg1 Nxd3 33. cxd3 e1R# 0-1